00535cam a2200169 i 4500020003100000020002800031040000900059082002600068245007200094300004500166500003500211650003800246650001600284650002000300650002500320700002000345 a9780896298743 (alk. paper) a0896298744 (alk. paper) cDNAL00a363 KEV 2017 C165 Or.00aEarthquake lessons from China :bcoping and rebuilding strategies / axiv, 144 pages :billustrations ;c22 cm a"A peer-reviewed publication." 0aWenchuan Earthquake, China, 2008. 0aEarthquakes 0aDisaster relief 0aEmergency management1 aChen, Kevin Z.,